LEADER 01098nam a2200277 u 4500 001 000000062258 003 CaOOAMICUS 005 20070226121120.0 008 010925s1987 it u000 u ita u 035 $a10904208 040 $aPUL(R)$bita 100 1 $aSaraiva Martins, José,$ccard.,$d1932-$0(OLS)http://pul/name/13911 245 12$aI sacramenti della nuova alleanza /$cJosé Saraiva Martins. 260 $aRoma :$bPontificia Universitas Urbaniana,$cc1987. 300 $a326 p. ;$c22 cm 490 1 $aSubsidia Urbaniana ;$v22 500 $aContiene indice. 504 $aBibliografia: p. 308-321. 650 4$aSacramenti.$0(OLS)http://pul/subject/763 830 0$aSubsidia Urbaniana ;$v22.$0(OLS)http://pul/title/7818 850 $aPUL 852 $aPUL$W1$xSL Religione 1$y3$m97 D 33$j80988$nBK-PRI$qStampati$B80988$CPULBib$Z2$F80988 $H56250 $82 941 1 $a8 961 $aINV: 56250 996 $6245$aI sacramenti della nuova alleanza$9(OLS)http://pul/title/83081 996 $6260$aRoma :$bPontificia Universitas Urbaniana$9(OLS)http://pul/publisher/54270 LEADER 01450nam a2200325 a 4500 001 000000153800 003 CaOOAMICUS 005 20160913110212.0 008 160913s1981 ie u000 u eng r 032 $aLibriCat 040 $aPUL$bita 100 1 $aMason, Thomas F.,$cO.S.A.$0(OLS)http://pul/name/97875 245 14$aThe basis of the United Nations according to the charter /$cauctore Thomas F. Mason, O.S.A. 260 $aDublin :$b[s.n.],$c1981. 300 $a94 p. ;$c24 cm. 500 $aIn testa al front.: Pontificia Universitas a S. Thoma Aq. in Urbe. 502 $aEstratto da tesi -- Pontificiae Universitatis St.Thomae, Facultate Scientiarum Socialium, 1981. 504 $aBibliografia in nota. 610 24$aUnited Nations.$0(OLS)http://pul/subject/28654 710 2 $aPontificia Università S. Tommaso.$bFacoltà di scienze sociali.$kTesi.$0(OLS)http://pul/name/83004 850 $aPUL 852 $aPUL$W1$xDP1 Tesi Pon. Univ. S. Tommaso$y44$mTH S.THOM PH139a$j176813$qTesi$B179766$CPULBib$Z2$F179766 $H48937 $81 941 1 $a16 960 $aUnited Nations Organisation$928654 960 $aNazioni Unite$928654 960 $aOrganizzazione delle Nazioni Unite$928654 960 $aONU$928654 996 $6245$aThe basis of the United Nations according to the charter$9(OLS)http://pul/title/193325 996 $6260$aDublin :$b[s.n.]$9(OLS)http://pul/publisher/69067